000
00275nam a22001097a 4500
008
160507b xxu||||| |||| 00| 0 eng d
020
_a
0801603447
041
_a
eng
080
_a
573
245
_a
Diagnostic microbiology:
_c
Ellen Jo Baron; Sydney M. Finegold;
942
_2
udc
_c
BK
999
_c
1917
_d
1917